000 00366nam a2200133Ia 4500
008 220216s9999 xx 000 0 und d
100 _aMohanachandran Nair S
245 0 _aStatus of rubber wood processing and utilization in India
260 _bRubber Board Bulletin
_c2012
300 _a15-18
650 _aIndia
650 _aRubber woos processing
942 _cBS
999 _c51513
_d51513